Practical Genetic Algorithms (Record no. 16558)
[ view plain ]
| 000 -LEADER | |
|---|---|
| fixed length control field | 00283nam a22001217a 4500 |
| 008 - FIXED-LENGTH DATA ELEMENTS--GENERAL INFORMATION | |
| fixed length control field | 131127t xxu||||| |||| 00| 0 eng d |
| 020 ## - INTERNATIONAL STANDARD BOOK NUMBER | |
| International Standard Book Number | 0-471-45565-2 |
| 100 ## - MAIN ENTRY--PERSONAL NAME | |
| Fuller form of name | Randy L. Haupt |
| 9 (RLIN) | 297 |
| 245 ## - TITLE STATEMENT | |
| Title | Practical Genetic Algorithms |
| 250 ## - EDITION STATEMENT | |
| Edition statement | 2nd Ed |
| 300 ## - PHYSICAL DESCRIPTION | |
| Extent | book |
| 942 ## - ADDED ENTRY ELEMENTS (KOHA) | |
| Source of classification or shelving scheme | |
| Koha item type | Book |
| Withdrawn status | Lost status | Source of classification or shelving scheme | Damaged status | Not for loan | Permanent Location | Current Location | Date acquired | Total Checkouts | Full call number | Barcode | Date last seen | Price effective from | Koha item type |
|---|---|---|---|---|---|---|---|---|---|---|---|---|---|
| Central Library (CL) | Central Library (CL) | 11/27/2013 | 519.62 HAU | ASAB1431 | 11/27/2013 | 11/27/2013 | Book |
